| 000 | 00594cam a2200205ua 4500 | ||
|---|---|---|---|
| 001 | 2731 | ||
| 008 | 111128n ii |||gr||||Z||||||asm | ||
| 040 | _cMAIN | ||
| 082 | _a891.4512 | ||
| 100 |
_aMadhav deva, _eAuthor. |
||
| 245 | 1 | 1 |
_aChurdhara aru pimpora gusuwa jhumura aru ajyodha kunda _cby Madhavdeva |
| 250 | _a2nd. | ||
| 260 |
_aGuahati: _bJyoti prakashan,994. |
||
| 300 |
_a214p: _c23cm. |
||
| 653 | _aAssamese drama | ||
| 653 | _aChurdhara aru pimpora gusuwa jhumura aru ajyodha kunda | ||
| 700 |
_aKandali, Madhav, _eAuthor. |
||
| 700 |
_aHazarika, Minati, _eEditor. |
||
| 942 | _cBK | ||
| 999 |
_c2580 _d2580 |
||